000 005470000a22001810004500
003 MACL
005 20160206104719.0
008 160206b xxu||||| |||| 00| 0 eng d
040 _aMACL
_cMACL
041 _aHindi
082 _a100
100 _aपाण्‍डेय राम प्रसाद
_937018
245 _aलोक वेद आैर वेदान्‍त
260 _bआर्य बुक डिपो
_c1981
_aनई दिल्‍ली
350 _a25
650 _aPhilosophy
_937019
942 _cHIN
_k100
_2ddc
999 _c28107
_d28107